Định loại các loài cá nước ngọt Nam bộ
Sách phân loại cho một loài cá dựa vào trình tự: Các đặc trưng hình thái, giải phẩu và khóa định loài từ Bộ, Họ, Giống đến loài.
Guardat en:
| Autor principal: | |
|---|---|
| Format: | Llibre |
| Idioma: | Undetermined |
| Publicat: |
Hà Nội
Khoa học và Kỹ thuật
1992
|
| Matèries: | |
| Etiquetes: |
Afegir etiqueta
Sense etiquetes, Sigues el primer a etiquetar aquest registre!
|
| Thư viện lưu trữ: | Trung tâm Học liệu Trường Đại học Cần Thơ |
|---|
| LEADER | 00837nam a2200205Ia 4500 | ||
|---|---|---|---|
| 001 | CTU_161389 | ||
| 008 | 210402s9999 xx 000 0 und d | ||
| 082 | |a 597.03 | ||
| 082 | |b Y254 | ||
| 100 | |a Mai, Đình Yên | ||
| 245 | 0 | |a Định loại các loài cá nước ngọt Nam bộ | |
| 245 | 0 | |c Mai Đình Yên chủ biên | |
| 260 | |a Hà Nội | ||
| 260 | |b Khoa học và Kỹ thuật | ||
| 260 | |c 1992 | ||
| 520 | |a Sách phân loại cho một loài cá dựa vào trình tự: Các đặc trưng hình thái, giải phẩu và khóa định loài từ Bộ, Họ, Giống đến loài. | ||
| 650 | |a Freshwater fishes,Nuôi cá nước ngọt | ||
| 650 | |z Vietnam,Việt Nam | ||
| 904 | |i Trọng Hải | ||
| 980 | |a Trung tâm Học liệu Trường Đại học Cần Thơ | ||